01020nam a2200265 i 4500001000300000245020900003260006000212300002600272490002400298650003400322700003800356700004700394830002400441020001500465040000800480041000800488044000800496080001800504920001800522942000700540008004100547999001700588856009800605952005100703bg00aLearning and teaching modern languages for communication :bproject no 12 : final report of the project group (activities 1982-87) /ccompiled and edited by Denis Girard and John Trim ; Council of Europe. aStrasbourg :bCouncil for Cultural Co-operation,c1988. a115, [1] s. ;c30 cm.1 aEducation & Culture 9aJęzyk angielskixnauczanie.1 aGirard, Denisd(1925-2002).eRed.1 aTrim, John Leslie Melvilled(1924-).eRed. 0aEducation & Culture a9287116342 cBPK0 aeng aFRA a811.111:374.7 a92-871-1634-2 cKS100831s1988 pl a |000 0 pol  c49652d49652 uhttp://koha.tu.koszalin.pl/cgi-bin/koha/opac-detail.pl?biblionumber=49652yKatalog online BPK 00104070aBPKbBPKckwoS 1418p02140704yKS